<?xml version="1.0" encoding="UTF-8"?><?xml-stylesheet type="text/xsl" href="static/style.xsl"?><OAI-PMH xmlns="http://www.openarchives.org/OAI/2.0/" xmlns:xsi="http://www.w3.org/2001/XMLSchema-instance" xsi:schemaLocation="http://www.openarchives.org/OAI/2.0/ http://www.openarchives.org/OAI/2.0/OAI-PMH.xsd"><responseDate>2026-04-17T13:23:04Z</responseDate><request verb="GetRecord" identifier="oai:www.recercat.cat:10256/22205" metadataPrefix="marc">https://recercat.cat/oai/request</request><GetRecord><record><header><identifier>oai:recercat.cat:10256/22205</identifier><datestamp>2024-05-22T11:33:31Z</datestamp><setSpec>com_2072_452966</setSpec><setSpec>com_2072_2054</setSpec><setSpec>col_2072_452968</setSpec></header><metadata><record xmlns="http://www.loc.gov/MARC21/slim" xmlns:dcterms="http://purl.org/dc/terms/" xmlns:xsi="http://www.w3.org/2001/XMLSchema-instance" xmlns:doc="http://www.lyncode.com/xoai" xsi:schemaLocation="http://www.loc.gov/MARC21/slim http://www.loc.gov/standards/marcxml/schema/MARC21slim.xsd">
   <leader>00925njm 22002777a 4500</leader>
   <datafield ind2=" " ind1=" " tag="042">
      <subfield code="a">dc</subfield>
   </datafield>
   <datafield ind2=" " ind1=" " tag="720">
      <subfield code="a">Merino Reyes, Irene</subfield>
      <subfield code="e">author</subfield>
   </datafield>
   <datafield ind2=" " ind1=" " tag="260">
      <subfield code="c">2022-05</subfield>
   </datafield>
   <datafield ind2=" " ind1=" " tag="520">
      <subfield code="a">En la següent investigació s'ha analitzat la identitat de marca de moda Aida amb la finalitat de desenvolupar un procés de rebranding i crear una botiga en línia de la marca. Prèviament, s'ha investigat la marca Aida i s'ha fet una anàlisi DAFO, per tal de conèixer el potencial del negoci. Per conèixer les tendències que hi ha actualment, s'ha fet una observació de les diferents marques de roba del mateix sector i d'altres sectors que han fet rebranding. També, s'ha fet un estudi d'aquelles marques similars a la botiga Aida, d'aquells elements que han ajudat a la marca a aconseguir notorietat i diferenciació respecte a la competència. A través de l'estudi, es presenta la nova proposta d'identitat corporativa i visual. Per finalitzar, s'ha fet una proposta de comerç en línia amb l'objectiu d'augmentar la notorietat de la marca, incrementar el nivell de confiança dels seus clients i tenir presència a internet</subfield>
   </datafield>
   <datafield ind2=" " ind1=" " tag="520">
      <subfield code="a">The following research has analyzed the identity of Aida fashion brand, with the aim of developing a rebranding process and creating an online brand store. The Aida brand has previously been researched and DAFO analysis has been carried out to find out the potential of the business. To know the current trends, an observation has been made of the different clothing brands in the same sector and other sectors that have rebranded. Also, a study was made of those similar brands in Aida store, of those elements that have helped the brand gain notoriety and differentiation from the competition. Through the study, the new proposal for corporate and visual identity is presented. Finally, we make a proposal for online commerce with the aim of increasing brand awareness, increasing the level of trust of its customers and having a presence on the Internet</subfield>
   </datafield>
   <datafield ind1="8" ind2=" " tag="024">
      <subfield code="a">http://hdl.handle.net/10256/22205</subfield>
   </datafield>
   <datafield tag="653" ind2=" " ind1=" ">
      <subfield code="a">Construcció de marca (Màrqueting)</subfield>
   </datafield>
   <datafield tag="653" ind2=" " ind1=" ">
      <subfield code="a">Branding (Marketing)</subfield>
   </datafield>
   <datafield tag="653" ind2=" " ind1=" ">
      <subfield code="a">Imatge corporativa</subfield>
   </datafield>
   <datafield tag="653" ind2=" " ind1=" ">
      <subfield code="a">Corporate image</subfield>
   </datafield>
   <datafield tag="653" ind2=" " ind1=" ">
      <subfield code="a">Comerç electrònic</subfield>
   </datafield>
   <datafield tag="653" ind2=" " ind1=" ">
      <subfield code="a">Electronic commerce</subfield>
   </datafield>
   <datafield ind2="0" ind1="0" tag="245">
      <subfield code="a">Rebranding per la marca Aida</subfield>
   </datafield>
</record></metadata></record></GetRecord></OAI-PMH>